[Event "Let's Play Chess!"]
[Site "http://www.queenalice.com/game.php?id=882681"]
[Date "2011.1.7"]
[Round "-"]
[White "Slazenger"]
[Black "Mauricio1990"]
[Result "1-0"]
[WhiteElo "1689"]
[BlackElo "1791"]

1. d4 d5 2. Nc3 Nf6 3. f3 Bf5 4. e3 e6 5. Bd3 Bxd3 6. Qxd3 c5 7. Nce2 Nc6 8. c3
Rc8 9. Qb5 Qd7 10. dxc5 Ne5 11. Qxd7+ Nfxd7 12. b4 1-0

[Event "Let's Play Chess!"]
[Site "http://www.queenalice.com/game.php?id=882682"]
[Date "2011.1.7"]
[Round "-"]
[White "Slazenger"]
[Black "Mauricio1990"]
[Result "1-0"]
[WhiteElo "1760"]
[BlackElo "1720"]

1. e4 c5 2. Bc4 Nc6 3. c3 d6 4. d3 Nf6 5. f3 Na5 6. Bd2 e6 7. Bb5+ Bd7 8. Bxd7+
Nxd7 9. a3 g6 10. g3 Bg7 11. Ra2 O-O 12. b4 Nc6 13. Rb2 1-0

[Event "Let's Play Chess!"]
[Site "http://www.queenalice.com/game.php?id=882683"]
[Date "2011.1.7"]
[Round "-"]
[White "Slazenger"]
[Black "Mauricio1990"]
[Result "1-0"]
[WhiteElo "1727"]
[BlackElo "1753"]

1. d4 e6 2. Nf3 d5 3. Bf4 Nf6 4. Bg5 Be7 5. Nbd2 h6 6. Bf4 Bd6 7. e3 Bxf4 8.
exf4 O-O 9. Bd3 Nbd7 10. c3 c5 11. Qe2 1-0

[Event "Let's Play Chess!"]
[Site "http://www.queenalice.com/game.php?id=882685"]
[Date "2011.1.7"]
[Round "-"]
[White "Slazenger"]
[Black "Mauricio1990"]
[Result "1-0"]
[WhiteElo "1744"]
[BlackElo "1736"]

1. d4 d5 2. Bf4 Nf6 3. f3 Nc6 4. c3 g6 5. e3 Bg7 6. Nd2 O-O 7. Bd3 Nh5 8. Nh3
Bxh3 9. gxh3 Nxf4 10. exf4 e6 11. Qe2 1-0

[Event "Let's Play Chess!"]
[Site "http://www.queenalice.com/game.php?id=882868"]
[Date "2011.1.7"]
[Round "-"]
[White "equus"]
[Black "Mauricio1990"]
[Result "1-0"]
[WhiteElo "1917"]
[BlackElo "1802"]

1. e4 c5 2. Nf3 Nc6 3. Bb5 d6 4. O-O Bd7 5. c3 Nf6 6. Re1 a6 7. Ba4 b5 8. Bb3
Bg4 9. h3 Bh5 10. d3 Ne5 11. Bc2 Bxf3 12. gxf3 Qd7 13. f4 Ng6 14. c4 1-0

[Event "Let's Play Chess!"]
[Site "http://www.queenalice.com/game.php?id=882869"]
[Date "2011.1.7"]
[Round "-"]
[White "Mauricio1990"]
[Black "equus"]
[Result "0-1"]
[WhiteElo "1814"]
[BlackElo "1905"]

1. d4 Nf6 2. c4 e6 3. a3 d5 4. Bf4 Be7 5. e3 b6 6. Nc3 Bb7 7. Nf3 Nc6 8. Rc1 a6
9. b4 O-O 10. b5 Na5 11. bxa6 Bxa6 12. Nb5 Bxb5 13. cxb5 Rc8 0-1

[Event "Let's Play Chess!"]
[Site "http://www.queenalice.com/game.php?id=882872"]
[Date "2011.1.7"]
[Round "-"]
[White "colatina"]
[Black "Mauricio1990"]
[Result "1-0"]
[WhiteElo "1911"]
[BlackElo "1827"]

1. d4 d5 2. Nc3 Nf6 3. Bf4 Bf5 4. Nf3 e6 5. e3 Nh5 6. Bg5 Nf6 7. Bxf6 Qxf6 8.
Bd3 Bg4 9. e4 Bxf3 10. gxf3 Qxd4 11. Bb5+ 1-0

[Event "Chess"]
[Site "http://www.queenalice.com/game.php?id=882913"]
[Date "2011.1.7"]
[Round "-"]
[White "Mauricio1990"]
[Black "Abstro"]
[Result "0-1"]
[WhiteElo "1739"]
[BlackElo "1811"]

1. d4 d5 2. c4 e6 3. a3 c5 4. dxc5 Bxc5 5. cxd5 exd5 6. Bf4 Nc6 7. Nc3 d4 8. Nb5
Qa5+ 9. b4 Bxb4+ 10. axb4 Qxb4+ 11. Qd2 Qxb5 12. e3 Qd5 13. exd4 Qxd4 14. Qxd4
Nxd4 15. O-O-O Nc6 16. Bb5 Ne7 17. Bd6 a6 18. Bxc6+ bxc6 19. Re1 Be6 20. Ne2 Kd7
21. Bxe7 Kxe7 22. Nd4 Rhd8 23. Nxc6+ Kd7 24. Nxd8 Kxd8 25. Re3 a5 26. Rd1+ Ke7
27. f4 f5 28. Rde1 Ra6 29. Re5 g6 30. h3 Kf6 31. Rd1 a4 32. Kb2 a3+ 33. Ka1 a2
34. Rd2 g5 35. g3 Rb6 36. Rxe6+ Rxe6 37. fxg5+ Kxg5 38. Kxa2 Re3 39. Rd7 h5 40.
h4+ Kg4 41. Rg7+ Kh3 42. Rg5 Rxg3 43. Rxh5 f4 44. Rf5 Kg4 45. Rf8 f3 46. Kb3 f2+
47. Kc2 Rg2 48. Kd3 Kxh4 49. Ke2 Kg3 50. Rg8+ Kh2 51. Rf8 Kg1 0-1

[Event "AUTO-ADV-2031"]
[Site "http://www.queenalice.com/game.php?id=882953"]
[Date "2011.1.8"]
[Round "1"]
[White "Mauricio1990"]
[Black "ghina96"]
[Result "0-1"]
[WhiteElo "1752"]
[BlackElo "1961"]

1. d4 d6 2. c4 e5 3. d5 Nf6 4. Nc3 Be7 5. e4 O-O 6. Bd3 c6 7. Nge2 Bg4 8. f3 Bh5
9. O-O a6 10. f4 Qb6+ 11. Kh1 Ng4 12. Qe1 Nd7 13. h3 Ngf6 14. Qf2 Qxf2 15. Rxf2
exf4 16. Bxf4 Nc5 17. Bc2 Bg6 18. Bg5 Nfxe4 19. Nxe4 Bxe4 20. Bxe7 Bxc2 21. Bxf8
Kxf8 22. Raf1 f6 23. Nd4 Bd3 24. Rc1 cxd5 25. b4 Ne4 26. Rf4 dxc4 27. Nf5 g6 28.
Ne3 b5 29. Nd5 f5 30. g4 Ng3+ 31. Kg2 Ne2 0-1

[Event "AUTO-ADV-2031"]
[Site "http://www.queenalice.com/game.php?id=882954"]
[Date "2011.1.8"]
[Round "1"]
[White "ghina96"]
[Black "Mauricio1990"]
[Result "1-0"]
[WhiteElo "1969"]
[BlackElo "1752"]

1. e4 c5 2. Bc4 Nc6 3. Nf3 d6 4. d3 Nf6 5. Nc3 Bg4 6. h3 Bh5 7. g4 Bg6 8. Bg5 h6
9. Bh4 e6 10. Qd2 Be7 11. g5 Nd7 12. gxh6 Bxh4 13. hxg7 Rg8 14. Qh6 Bxf2+ 15.
Kxf2 Qf6 16. Qg5 Rxg7 17. Qxf6 Nxf6 18. Nb5 O-O-O 19. Rhg1 a6 20. Nc3 Na5 21.
Bb3 Nxb3 22. axb3 Rdg8 23. Rg2 Nh5 24. Ne2 Kc7 25. Rag1 b5 26. c3 b4 27. Ng5 Kc6
28. Ke3 Bh7 29. Kf2 Kd7 30. Nxh7 1-0

[Event "AUTO-ADV-2031"]
[Site "http://www.queenalice.com/game.php?id=882956"]
[Date "2011.1.8"]
[Round "1"]
[White "voodoozebra"]
[Black "Mauricio1990"]
[Result "0-1"]
[WhiteElo "1793"]
[BlackElo "1757"]

1. e4 c5 2. Bc4 Nc6 3. Nf3 d6 4. d3 Bg4 5. O-O Nf6 6. b3 Ne5 7. Nbd2 Nfd7 8. Bb2
a6 9. a4 Nxc4 10. Nxc4 b5 11. axb5 axb5 12. Rxa8 Qxa8 13. Qa1 Qb7 14. Ncd2 e5
15. h3 Bxf3 16. Nxf3 Be7 17. g4 O-O 18. g5 g6 19. h4 f6 20. Qc1 fxg5 21. Nxg5
Bxg5 22. Qxg5 Nf6 23. f4 Nxe4 24. dxe4 Qxe4 25. Qe7 Qe3+ 26. Kg2 Qe2+ 0-1

[Event "AUTO-ADV-2031"]
[Site "http://www.queenalice.com/game.php?id=882957"]
[Date "2011.1.8"]
[Round "1"]
[White "Mauricio1990"]
[Black "leduar"]
[Result "0-1"]
[WhiteElo "1701"]
[BlackElo "1936"]

1. d4 Nf6 2. c4 g6 3. Nc3 Bg7 4. Bf4 d5 5. e3 O-O 6. Rc1 c6 7. Nf3 Bg4 8. cxd5
Nxd5 9. Nxd5 cxd5 10. Rc7 e5 11. Bxe5 Bxe5 12. Rxb7 Qa5+ 13. Qd2 Qxd2+ 14. Nxd2
Bxd4 15. Rb4 Nc6 16. Ra4 Bxb2 17. Rxg4 Rab8 18. Bd3 Bc3 19. Ke2 Rb2 0-1

[Event "AUTO-ADV-2031"]
[Site "http://www.queenalice.com/game.php?id=882958"]
[Date "2011.1.8"]
[Round "1"]
[White "leduar"]
[Black "Mauricio1990"]
[Result "0-1"]
[WhiteElo "1973"]
[BlackElo "1726"]

1. e4 c5 2. Nf3 Nc6 3. d4 cxd4 4. Nxd4 e5 5. Nb5 Nf6 6. Bd3 Bb4+ 7. Bd2 Bxd2+ 8.
Qxd2 O-O 9. Nd6 Qb6 10. c3 Ne7 11. Nc4 Qc5 12. Qe3 Qxe3+ 13. Nxe3 Ng6 14. Nd5
Nxd5 15. exd5 Nf4 16. Be4 f5 17. Bc2 Nxg2+ 18. Kd1 d6 19. Nd2 Nf4 20. c4 b5 21.
Bb3 bxc4 22. Bxc4 Bb7 23. Re1 Bxd5 24. Bxd5+ Nxd5 25. Nc4 Nb4 26. Re2 Rad8 27.
Rd2 Rf6 28. Nxe5 Re8 29. Nc4 Rfe6 30. Kc1 d5 31. Ne3 f4 32. Ng2 Re2 33. a3 Rc8+
34. Kd1 Rxd2+ 35. Kxd2 Rc2+ 36. Kd1 Rxf2 37. Ne1 Rf1 38. axb4 f3 39. Rxa7 f2 40.
Re7 Rg1 41. b5 f1=Q 42. b6 Qd3+ 43. Kc1 Qc4+ 44. Kd2 Qb4+ 0-1

[Event "IRBEN X ALVAG"]
[Site "http://www.queenalice.com/game.php?id=891281"]
[Date "2011.1.26"]
[Round "-"]
[White "Mauricio1990"]
[Black "RuCam"]
[Result "1-0"]
[WhiteElo "1752"]
[BlackElo "1839"]

1. e4 e5 2. f4 exf4 3. Nf3 g5 4. d4 Nf6 5. Nbd2 Bb4 6. c3 Be7 7. Nxg5 d5 8. Qb3
c6 9. e5 Ng4 10. Nxf7 Kxf7 11. Nf3 Bg5 12. g3 Ne3 13. c4 dxc4 14. Bxc4+ Nxc4 15.
Qxc4+ Be6 16. Nxg5+ Qxg5 17. Qb4 b6 18. Bxf4 Qf5 19. O-O Qe4 20. Bg5+ Kg6 21.
Rf6+ Kh5 22. Bf4 Bh3 23. Rh6+ Kg4 24. Rh4+ Kf3 25. Qc3+ Ke2 26. Qd2+ Kf3 27.
Qf2# 1-0

[Event "IRBEN X ALVAG"]
[Site "http://www.queenalice.com/game.php?id=891282"]
[Date "2011.1.26"]
[Round "-"]
[White "RuCam"]
[Black "Mauricio1990"]
[Result "1-0"]
[WhiteElo "1821"]
[BlackElo "1771"]

1. e4 c5 2. Bc4 Nc6 3. Nf3 d6 4. Nc3 Nf6 5. h3 a6 6. a3 b5 7. Ba2 b4 8. Ne2 Nxe4
9. Bd5 Nxf2 10. Kxf2 Bd7 11. c4 e6 12. Be4 Be7 13. axb4 cxb4 14. Bxc6 Bxc6 15.
Ned4 Qb6 16. d3 Bxf3 17. Qa4+ Kf8 18. Be3 d5 19. Nxf3 Bc5 20. Bxc5+ Qxc5+ 21.
Kg3 dxc4 22. Rhc1 g6 23. Rxc4 Qd6+ 24. Kf2 Kg7 25. Rd4 Qc5 26. Qxb4 Qc2+ 27. Qd2
Qc5 28. b4 Qb6 29. Qf4 Rhd8 30. Qe5+ f6 31. Qe3 Rxd4 32. Nxd4 Qxb4 33. Nxe6+ Kf7
34. Re1 Re8 35. Ng5+ 1-0